000 00720nam a2200277Ia 4500
005 20260324144749.0
008 008 260324s9999 xx 000 0 eng d
020 _a9780203973769
037 _aEBOOK
040 _aCRL
040 _beng
040 _cCRL
041 _2eng
041 _aeng
084 _qCRL
100 _aI. Masser; Mrs Bernadette Williams; R. Williams
_91220524
245 0 _aLearning from Other Countries: The Cross-National Dimension in Urban Policy Making
260 _bTaylor and Francis
260 _c1986
365 _a
365 _b74.95
856 _uhttp://www.taylorfrancis.com/books/9780203973769
942 _cEBOOK
999 _c1827546
_d1827546